00433nam a22001697a 450000500170000001000130001702000150003003500130004503700130005808200060007110000280007724500640010526000410016930000210021050000130023170000190024420220611144929.0 aA-947604 a8125015442 aA-947604 bDBAD/PUB aS aMeeran,Thoppil Mohammad aThe story of a seaside village/cby Thoppil mohammad meeran aMumbaibOrient Longman Limitedc1998 a172p.c22cm(pbk) aGlossary aM.Vijaylakshmi